Language Quiz

Random Language or Blitz Quiz

Vocabulary Blitz XXVIII Quiz Stats

 Plays Quiz Updated Jan 12, 2018

Challenge
Share
Tweet
Embed
Score 0/5 Timer 01:00
0 Plays Today
% Correct
taboo
88.5%
curse
72.3%
profanity
71.9%
anathema
70.2%
obscenity
69.1%

You're not logged in!

Compare scores with friends on all Sporcle quizzes.
Join for Free
OR
Log In

You Might Also Like...

Show Comments

Extras

Top Quizzes Today


Score Distribution

Your Account Isn't Verified!

In order to create a playlist on Sporcle, you need to verify the email address you used during registration. Go to your Sporcle Settings to finish the process.

Report this User

Report this user for behavior that violates our Community Guidelines.

Details: